Bilecik Bilecik Bilecik Bilecik Bilecik

Türkiye'de işletme biliminin öncülerine armağan/ (Record no. 8072)

MARC details
000 -BAŞLIK
Sabit Uzunluktaki Kontrol Alanı 01264nam a22004097a 4500
001 - KONTROL NUMARASI
Control Dosyası 0008099
003 - KONTROL NUMARASI KİMLİĞİ
Kontrol Alanı KOHA_MİRAKIL
005 - EN SON İŞLEM TARİHİ ve ZAMANI
Kontrol Alanı 20260207001621.0
007 - FİZİKSEL TANIM SABİT ALAN - GENEL BİLGİ
Sabit uzunluklu kontrol alanı ta
008 - SABİT UZUNLUKTAKİ VERİ ÖGELERİ - GENEL BİLGİ
Sabit Alan 091007b1985 tu |||gr||||#||||0|tur |
040 ## - KATALOGLAMA KAYNAĞI
Özgün Kataloglama Kurumu TR-BiSEU
Kataloglama Dili tur
Çeviri Kurumu TR-BiSEU
Açıklama Kuralları rda
041 0# - DİL KODU
Metin ya da ses kaydının dil kodu tur
044 ## - YAYINLAYAN/ÜRETEN KURULUŞUN ÜLKE KODU
ISO country code tu
050 ## - SINIFLAMA ve YER NUMARASI
Sınıflama Numarası HF5349
Yer Numarası .T87 1985
245 0# - ESER ADI BİLDİRİMİ
Başlık Türkiye'de işletme biliminin öncülerine armağan/
Sorumluluk Bildirimi Alfred Isaac...[ve bşk.].
264 #1 - ÜRERİM, YAYIN, DAĞITIM ve TELİF BİLDİRİMİ
Yayın yeri İstanbul :
Yayınlayan İstanbul Üniversitesi
Yayın tarihi 1985
300 ## - FİZİKSEL TANIMLAMA
Sayfa, Cilt vb. vi, 488 sayfa; 25 cm.
336 ## - İÇERİK TÜRÜ
Content type term metin
Content type code txt
Source rdacontent
337 ## - MEDYA TÜRÜ
Media type term aracısız
Media type code n
Source rdamedia
338 ## - TAŞIYICI TÜRÜ
Carrier type term cilt
Carrier type code nc
Source rdacarrier
490 0# - DİZİ BİLDİRİMİ
Dizi Bildirimi İstanbul Üniversitesi Yayın No.
490 0# - DİZİ BİLDİRİMİ
Dizi Bildirimi 3324.
490 0# - DİZİ BİLDİRİMİ
Dizi Bildirimi İşletme Fakültesi Yayın No.
490 0# - DİZİ BİLDİRİMİ
Dizi Bildirimi 167.
490 0# - DİZİ BİLDİRİMİ
Dizi Bildirimi İşletme İktisadi Enstitüsü Yayın No.
490 0# - DİZİ BİLDİRİMİ
Dizi Bildirimi 76.
500 ## - GENEL NOT
Genel Not Kaynakça var.
650 #0 - KONU BAŞLIĞI EK GİRİŞ - KONU TERİMİ
Konusal terim veya coğrafi ad Business--Turkey--History.
9 (RLIN) 20026
650 #0 - KONU BAŞLIĞI EK GİRİŞ - KONU TERİMİ
Konusal terim veya coğrafi ad İşletme--Türkiye--Tarih.
9 (RLIN) 20027
830 0# - SERİ EK GİRİŞİ - TEKBİÇİM ESER ADI
Tekbiçim Başlık İstanbul Üniversitesi Yayın No.
9 (RLIN) 2226
830 0# - SERİ EK GİRİŞİ - TEKBİÇİM ESER ADI
Tekbiçim Başlık 3324.
9 (RLIN) 20028
830 0# - SERİ EK GİRİŞİ - TEKBİÇİM ESER ADI
Tekbiçim Başlık İşletme Fakültesi Yayın No.
9 (RLIN) 20029
830 0# - SERİ EK GİRİŞİ - TEKBİÇİM ESER ADI
Tekbiçim Başlık 167.
9 (RLIN) 14582
830 0# - SERİ EK GİRİŞİ - TEKBİÇİM ESER ADI
Tekbiçim Başlık İşletme İktisadi Enstitüsü Yayın No.
9 (RLIN) 20030
830 0# - SERİ EK GİRİŞİ - TEKBİÇİM ESER ADI
Tekbiçim Başlık 76.
9 (RLIN) 6534
942 ## - EK GİRİŞ ÖGELERİ (KOHA)
Source of classification or shelving scheme Library of Congress Classification
Koha item type Book
Holdings
Materyal Türü Kalıcı Konum Mevcut Konum Raf Yeri Sınıflandırma Kaynağı Edinim Bilgisi Ana Konular Alt Konular Yer Numarası Demirbaş Numarası Fatura Tarihi Maliyet, Alış Fiyatı Maliyet, Yenileme Fiyatı Geri Çekilme Durumu Kayıp Durumu Hasarlı Durumu Kredi için değil Kayıt Tarih Toplam Ödünçverme Son Görülme Tarihi Son Kontrol Tarihi Genel / Bağış Notu
Book Prof. Dr. Azmi Özcan Kütüphanesi Prof. Dr. Azmi Özcan Kütüphanesi Uluğbey Salonu Library of Congress Classification Bağış SOSYAL BİLİMLER Ticaret HF5349 .T87 1985 0008099 13/08/2010 3.00 3.00         07/10/2009   05/12/2024 05/12/2024 YÖK Tez Merkezi
Book Prof. Dr. Azmi Özcan Kütüphanesi Prof. Dr. Azmi Özcan Kütüphanesi Uluğbey Salonu Library of Congress Classification Bağış SOSYAL BİLİMLER Ticaret HF5349 .T87 1985 0015873 13/08/2010             01/04/2010   05/12/2024 05/12/2024 Genel Bağış